[Event "40th Annual World Open"]
[Site "Philadelphia USA"]
[Date "2012.07.06"]
[Round "5"]
[White "Gelashvili, Tamaz"]
[Black "Shahade, Gregory"]
[Result "1-0"]
[WhiteTitle "GM"]
[BlackTitle "IM"]
[WhiteElo "2604"]
[BlackElo "2462"]
[WhiteFideId "13600702"]
[BlackFideId "2009064"]
[EventDate "2012.07.03"]
[EventType "swiss"]

1. d4 Nf6 2. Nf3 g6 3. c4 Bg7 4. Nc3 d5 5. Qb3 dxc4 6. Qxc4 O-O 7. e4 a6 8. e5
b5 9. Qb3 Nfd7 10. Be2 c5 11. e6 fxe6 12. Qxe6+ Kh8 13. dxc5 Nxc5 14. Qe3 Nbd7
15. O-O Bb7 16. Rd1 Qc8 17. Bd2 b4 18. Rac1 bxc3 19. Bxc3 Qe8 20. Bxg7+ Kxg7 21.
b4 Ne4 22. Rc7 Nd6 23. Ng5 Rf6 24. Bg4 Bc8 25. Ne4 Nxe4 26. Qxe4 Qd8 27. Qc2 e6
28. Qc6 Kh6 29. Rc1 Rb8 30. Rxc8 Rxc8 31. Qxc8 Qb6 32. Rf1 Qxb4 33. Be2 Nc5 34.
Bxa6 Qa3 35. Bb5 Rf5 36. Bc4 Rf6 37. Qd8 Qc3 38. h4 Rf5 39. Be2 Kg7 40. Rd1 e5
41. Qd5 Qc2 42. Qd2 Qa4 43. Qe3 Ne6 44. g4 Rf6 45. Qxe5 Qa7 46. Rd7+ Qxd7 47. g5
Qd4 48. gxf6+ Kf7 49. Qxd4 Nxd4 50. Bd1 Kxf6 51. h5 gxh5 52. Bxh5 Kg5 53. Bd1
Kf4 54. a4 Nc6 55. Kg2 Na5 56. Kh3 Kg5 57. Kg3 Nc4 58. Bc2 h6 59. Bd3 Na5 60.
f4+ Kf6 61. Kg4 Nc6 62. Be4 Na5 63. Bd5 Ke7 64. Kf5 Kd6 65. Bf3 Nc4 66. Be2 Ne3+
67. Ke4 Nd5 68. a5 h5 69. a6 h4 1-0

[Event "40th Annual World Open"]
[Site "Philadelphia USA"]
[Date "2012.07.06"]
[Round "5"]
[White "Kleiman, Jake"]
[Black "Robson, Ray"]
[Result "0-1"]
[WhiteTitle "IM"]
[BlackTitle "GM"]
[WhiteElo "2392"]
[BlackElo "2601"]
[WhiteFideId "2020041"]
[BlackFideId "2023970"]
[EventDate "2012.07.03"]
[EventType "swiss"]

1. d4 Nf6 2. Bg5 e6 3. e4 c5 4. d5 d6 5. Nc3 Be7 6. Bf4 O-O 7. Nf3 e5 8. Bc1 a6
9. a4 Ne8 10. Be2 f5 11. exf5 Bxf5 12. O-O Nd7 13. Nd2 Nc7 14. Nde4 Rb8 15. Ng3
Bg6 16. Rb1 Bg5 17. Bxg5 Qxg5 18. Nce4 Qe7 19. b4 cxb4 20. Rxb4 Rf4 21. f3 Nc5
22. Qd2 a5 23. Rc4 Bxe4 24. Nxe4 b6 25. Rb1 N7a6 26. Nxc5 Nxc5 27. Rxf4 exf4 28.
Bb5 Qf6 29. Re1 Kf7 30. c3 Rb7 31. Bd3 g6 32. Qc2 Re7 33. Be4 g5 34. Rb1 g4 35.
Rf1 h5 36. Rd1 Kg7 37. Rd4 Kh6 38. Qe2 Qg5 39. Kh1 gxf3 40. gxf3 Rg7 41. Qf1 h4
42. Bc2 Nd7 43. Rd1 Nf6 44. Qh3 Nxd5 45. c4 Ne3 46. Qe6+ Rg6 47. Qxg6+ Qxg6 48.
Bxg6 Nxd1 49. Be8 Ne3 50. Bb5 Kg5 51. Kg1 Kf6 52. Kf2 Ke5 53. Ba6 Kd4 54. Bb5
Kc3 55. Ba6 Nxc4 56. Kg2 d5 0-1

[Event "40th Annual World Open"]
[Site "Philadelphia USA"]
[Date "2012.07.06"]
[Round "5"]
[White "Shankland, Samuel L"]
[Black "Romanenko, Vladimir"]
[Result "1/2-1/2"]
[WhiteTitle "GM"]
[BlackTitle "GM"]
[WhiteElo "2579"]
[BlackElo "2463"]
[WhiteFideId "2004887"]
[BlackFideId "13502921"]
[EventDate "2012.07.03"]
[EventType "swiss"]

1. d4 Nf6 2. c4 e6 3. Nc3 Bb4 4. Nf3 b6 5. e3 Bb7 6. Bd3 O-O 7. O-O c5 8. Na4
cxd4 9. a3 Be7 10. exd4 d5 11. c5 Nbd7 12. b4 Ne4 13. Bb2 Rc8 14. Rc1 f5 15. Bb5
Rc7 16. Qe2 Bf6 17. Bxd7 Qxd7 18. b5 Bc8 19. cxb6 axb6 20. Nxb6 Qd6 21. Rxc7
Qxc7 22. Nxc8 Rxc8 23. a4 Qa5 24. Ra1 Rc4 25. Qe1 Qb6 26. Qd1 Qa5 27. h4 g6 28.
Qe1 Qb6 29. Bc1 Bxd4 30. Nxd4 Qxd4 31. Be3 Qe5 32. b6 Nc3 33. b7 Rb4 34. Rc1 d4
35. Bxd4 Qxd4 36. Qxc3 Qxc3 37. Rxc3 Rxb7 38. Ra3 Ra7 39. a5 Kf7 40. f4 e5 41.
fxe5 Ra6 42. Kf2 Ke6 43. Ke3 Kxe5 44. Kd3 Kd5 45. Kc3 Kc5 46. g3 h6 47. h5 gxh5
48. Kd2 Kb4 49. Ra1 Rxa5 50. Rxa5 Kxa5 51. Ke3 Kb5 52. Kf4 Kc5 53. Kxf5 Kd5 54.
Kg6 Ke4 1/2-1/2

[Event "40th Annual World Open"]
[Site "Philadelphia USA"]
[Date "2012.07.06"]
[Round "5"]
[White "Bryant, John Daniel"]
[Black "Ramirez, Alejandro"]
[Result "1-0"]
[WhiteTitle "FM"]
[BlackTitle "GM"]
[WhiteElo "2377"]
[BlackElo "2576"]
[WhiteFideId "2031280"]
[BlackFideId "6500617"]
[EventDate "2012.07.03"]
[EventType "swiss"]

1. e4 Nf6 2. e5 Nd5 3. d4 d6 4. Nf3 dxe5 5. Nxe5 c6 6. Be2 Nd7 7. Nf3 b5 8. O-O
e6 9. Re1 Be7 10. Nbd2 O-O 11. c3 a6 12. Ne5 Bb7 13. Ndf3 N7b6 14. Bd3 c5 15.
dxc5 Bxc5 16. Ng5 Nf6 17. Qc2 g6 18. Ngf3 Nbd7 19. Bg5 Nxe5 20. Nxe5 Be7 21.
Rad1 Nd5 22. Bh6 Re8 23. Nxg6 fxg6 24. Bxg6 Bc5 25. Re4 Kh8 26. Bxe8 Qxe8 27.
Rg4 Bf8 28. Qe4 Qf7 29. Rxd5 Bxh6 30. Qd4+ Bg7 31. Rd7 1-0

[Event "40th Annual World Open"]
[Site "Philadelphia USA"]
[Date "2012.07.06"]
[Round "5"]
[White "Mitkov, Nikola"]
[Black "Adamson, Robby"]
[Result "1-0"]
[WhiteTitle "GM"]
[BlackTitle "FM"]
[WhiteElo "2527"]
[BlackElo "2335"]
[WhiteFideId "15000290"]
[BlackFideId "2009730"]
[EventDate "2012.07.03"]
[EventType "swiss"]

1. e4 c6 2. Nc3 d5 3. Nf3 Bg4 4. h3 Bxf3 5. Qxf3 Nf6 6. Be2 e6 7. O-O Bc5 8. d3
O-O 9. Bf4 Nbd7 10. Nd1 a5 11. c3 e5 12. Bg5 h6 13. Bc1 Qe7 14. Re1 a4 15. Bf1
dxe4 16. dxe4 b5 17. Bd3 Rfd8 18. Bc2 Kh8 19. Ne3 Bxe3 20. Bxe3 Nf8 21. Rad1 Ne6
22. Qf5 Nf8 23. a3 Kg8 24. g3 g6 25. Qf3 Kg7 26. Kg2 Ne6 27. Rxd8 Rxd8 28. Qe2
Nc5 29. c4 Rb8 30. cxb5 cxb5 31. Qd2 Ng8 32. Qc3 Rc8 33. Bb1 Nf6 34. Qb4 Nfd7
35. Rd1 Rc7 36. Rxd7 Qxd7 37. Bxc5 Qd1 38. Ba2 Qc1 39. Bd6 Rc2 40. Bxe5+ Kh7 41.
Bd4 Qd1 42. Be3 Qa1 43. Bxf7 Qxb2 44. Qe7 Qg7 45. Bd4 1-0

[Event "40th Annual World Open"]
[Site "Philadelphia USA"]
[Date "2012.07.06"]
[Round "5"]
[White "Liu, Qingnan"]
[Black "Harmon, Luke"]
[Result "0-1"]
[WhiteTitle "IM"]
[WhiteElo "2509"]
[BlackElo "2265"]
[WhiteFideId "8603294"]
[BlackFideId "2030012"]
[EventDate "2012.07.03"]
[EventType "swiss"]

1. e4 e6 2. Qe2 c5 3. g3 Nc6 4. Nf3 g6 5. Bg2 Bg7 6. O-O Nge7 7. c3 O-O 8. d3 d6
9. Rd1 b6 10. d4 Bb7 11. Na3 cxd4 12. cxd4 Rc8 13. Bf4 Qd7 14. h4 f5 15. d5 exd5
16. exd5 Nb4 17. Qe6+ Qxe6 18. dxe6 Bxb2 19. Bxd6 Ned5 20. Bxf8 Kxf8 21. Nb5
Bxa1 22. Rxa1 Ke7 23. Nbd4 Nf6 24. Rd1 Nxa2 25. h5 Bxf3 26. Bxf3 Nxh5 27. Kg2
Rc1 28. Nc6+ Kxe6 29. Nd8+ Ke7 30. Nc6+ Ke6 31. Nd8+ Ke7 32. Nc6+ Kf6 33. Rd7 a5
34. Rd6+ Kg7 35. Rd7+ Kf6 36. Rd6+ Kg7 37. Rd7+ Kh6 38. Ne7 Nf6 39. Rd6 Kg7 40.
Rxb6 Nb4 41. Nc6 Nxc6 42. Bxc6 Ng4 43. Bf3 Ne5 44. Rb7+ Kh6 45. Be2 Rc2 46. Kf1
Rc1+ 47. Kg2 Rc2 48. Kf1 a4 49. Ra7 Ra2 50. Ra5 Nc6 51. Ra6 Nb4 52. Ra7 a3 53.
Ra4 Nd5 54. Ra5 Nf6 55. Bf3 Ne4 56. Bxe4 fxe4 57. g4 Kg7 58. Ra4 Ra1+ 59. Kg2 a2
60. g5 Kf7 61. Ra6 Ke7 62. Kh2 Kd7 63. Kg2 Kc7 64. Kh2 Kb7 65. Ra3 Kb6 66. Kg2
Kc5 67. Ra7 Kd4 68. Ra5 Kc4 69. Ra7 e3 70. fxe3 Kd3 71. Ra3+ Ke4 72. Kh2 Kf3 73.
e4+ Kxe4 74. Kg2 Kf4 75. Ra5 Kg4 76. Kh2 Rf1 77. Rxa2 Kxg5 78. Kg2 Rf5 79. Kg3
h5 80. Ra4 h4+ 81. Kg2 Rf4 82. Ra6 Kh5 83. Kh3 g5 84. Ra8 Rf3+ 85. Kg2 Kg4 86.
Rg8 h3+ 87. Kh2 Rf2+ 88. Kg1 Ra2 89. Rg7 Kh4 90. Rb7 g4 91. Rb4 Re2 92. Ra4 Kg3
93. Ra3+ Kf4 94. Ra8 Kf3 95. Rf8+ Kg3 96. Rf1 Ra2 97. Kh1 Ra4 98. Rb1 Kh4 99.
Rc1 g3 100. Rb1 h2 0-1

[Event "40th Annual World Open"]
[Site "Philadelphia USA"]
[Date "2012.07.06"]
[Round "5"]
[White "Batchuluun, Tsegmed"]
[Black "Helfst, Matt D"]
[Result "1-0"]
[WhiteTitle "GM"]
[WhiteElo "2501"]
[BlackElo "1948"]
[WhiteFideId "4900847"]
[BlackFideId "2044102"]
[EventDate "2012.07.03"]
[EventType "swiss"]

1. d4 d5 2. c4 e6 3. Nf3 Nf6 4. Nc3 Be7 5. Bf4 c6 6. e3 O-O 7. h3 Nbd7 8. c5 b5
9. Bd3 Re8 10. O-O Nf8 11. Ne5 Bd7 12. g4 g6 13. Qf3 Kg7 14. Bh6+ 1-0

[Event "40th Annual World Open"]
[Site "Philadelphia USA"]
[Date "2012.07.06"]
[Round "5"]
[White "Williams, Justus D"]
[Black "Smirin, Ilia"]
[Result "0-1"]
[BlackTitle "GM"]
[WhiteElo "2216"]
[BlackElo "2647"]
[WhiteFideId "2049929"]
[BlackFideId "2801990"]
[EventDate "2012.07.03"]
[EventType "swiss"]

1. Nf3 g6 2. c4 Bg7 3. g3 c5 4. Bg2 Nc6 5. O-O Nh6 6. Nc3 Nf5 7. e3 d6 8. b3 h5
9. h3 e6 10. Bb2 O-O 11. Rc1 d5 12. Ba3 Qa5 13. Na4 b6 14. cxd5 exd5 15. d4 Bb7
16. Qd2 Qxd2 17. Nxd2 Rfd8 18. Nc3 cxd4 19. Nxd5 dxe3 20. fxe3 Nxg3 21. Rf2 Rd7
22. Nc4 Nd4 23. Nc3 Ndf5 24. e4 Bxc3 25. Rxc3 Bxe4 26. Rxg3 Nxg3 27. Nd6 Bxg2
28. Rxg2 h4 0-1

[Event "40th Annual World Open"]
[Site "Philadelphia USA"]
[Date "2012.07.06"]
[Round "5"]
[White "Lenderman, Aleksandr"]
[Black "Korley, Kassa"]
[Result "1/2-1/2"]
[WhiteTitle "GM"]
[BlackTitle "FM"]
[WhiteElo "2613"]
[BlackElo "2298"]
[WhiteFideId "2021285"]
[BlackFideId "2033801"]
[EventDate "2012.07.03"]
[EventType "swiss"]

1. d4 d5 2. c4 c6 3. Nf3 Nf6 4. Nc3 a6 5. c5 Bf5 6. Bf4 Nbd7 7. h3 g6 8. Nd2 e5
9. dxe5 d4 10. exf6 dxc3 11. bxc3 Qxf6 12. g4 Be6 13. Be3 Bxc5 14. Ne4 Qe5 15.
Nxc5 Qxc3+ 16. Bd2 Qxc5 17. Bg2 O-O 18. Rc1 Qa3 19. O-O Qxa2 20. Bh6 Rfe8 21. f4
Rad8 22. Qd4 f6 23. Rfd1 Qxe2 24. Rd2 Qb5 25. Rb2 c5 26. Qc3 Qa4 27. Bxb7 Qd4+
28. Qxd4 cxd4 29. Bxa6 Bf7 30. Rc7 Rb8 31. Rxb8 Nxb8 32. Bb5 Rd8 33. Kf2 Be6 34.
Re7 Bd5 35. Rc7 d3 36. Bxd3 Nd7 37. h4 Bf7 38. Be4 Nf8 39. f5 Nd7 40. Bf4 gxf5
41. Bxf5 Nf8 42. Bh6 Ne6 43. Bxh7+ Kxh7 44. Rxf7+ Kg6 45. Re7 Kxh6 46. Rxe6 Rd4
47. Kg3 Kg7 48. Re7+ Kg8 49. Re3 Kg7 50. Ra3 Kg6 51. Ra7 Rd3+ 52. Kg2 Rb3 53.
h5+ Kh6 54. Rf7 Kg5 55. Rg7+ Kf4 56. h6 Rb2+ 57. Kf1 Rh2 58. h7 Rh4 59. Kg2 Rh6 1/2-1/2

[Event "40th Annual World Open"]
[Site "Philadelphia USA"]
[Date "2012.07.06"]
[Round "5"]
[White "Ni, Viktorija"]
[Black "Vidit, Santosh Gujrathi"]
[Result "0-1"]
[WhiteTitle "WIM"]
[BlackTitle "IM"]
[WhiteElo "2264"]
[BlackElo "2530"]
[WhiteFideId "11602252"]
[BlackFideId "5029465"]
[EventDate "2012.07.03"]
[EventType "swiss"]

1. d4 Nf6 2. c4 e6 3. Nf3 d5 4. Nc3 Bb4 5. cxd5 exd5 6. Bg5 Nbd7 7. e3 c5 8. Bd3
Qa5 9. O-O c4 10. Bf5 O-O 11. Qc2 Re8 12. Nd2 g6 13. Bh3 Kg7 14. Bxd7 Nxd7 15.
e4 Bxc3 16. Qxc3 Qxc3 17. bxc3 f6 18. Bf4 Nb6 19. Bc7 Na4 20. exd5 Nxc3 21. Nxc4
Nxd5 22. Bg3 Bf5 23. Nd6 Re7 24. Rfe1 Rd7 25. Rac1 Rad8 26. Ne4 Bxe4 27. Rxe4
Nb4 28. h4 Nxa2 29. Rc4 b5 30. Rc5 b4 31. d5 b3 32. d6 b2 33. Re1 Nc1 34. Rb5
Nd3 35. Re7+ Kf8 36. Rxd7 Rxd7 37. Kf1 a5 38. Rb3 a4 39. Rb8+ Kf7 40. Ke2 a3 0-1

[Event "40th Annual World Open"]
[Site "Philadelphia USA"]
[Date "2012.07.06"]
[Round "5"]
[White "Amanov, Mesgen"]
[Black "Kleinman, Michael"]
[Result "1-0"]
[WhiteTitle "GM"]
[BlackTitle "FM"]
[WhiteElo "2529"]
[BlackElo "2293"]
[WhiteFideId "14000652"]
[BlackFideId "2609479"]
[EventDate "2012.07.03"]
[EventType "swiss"]

1. d4 Nf6 2. c4 g6 3. g3 c6 4. Nf3 d5 5. cxd5 cxd5 6. Bg2 Bg7 7. O-O O-O 8. Ne5
Ng4 9. Nf3 Nc6 10. Nc3 e6 11. e4 dxe4 12. Nxe4 f5 13. Nc5 Nxd4 14. h3 Nxf3+ 15.
Qxf3 Ne5 16. Qb3 Qb6 17. Nxb7 Qxb3 18. axb3 Bxb7 19. Bxb7 Rab8 20. Bg2 Nd3 21.
Be3 Rf7 22. Ra6 Re7 23. Bg5 Rd7 24. Rxe6 Kf7 25. Ra6 Nc5 26. Ra5 Nxb3 27. Rd5
Rxd5 28. Bxd5+ Kf8 29. Bf4 Rb6 30. Bc7 Nd2 31. Bxb6 1-0

[Event "40th Annual World Open"]
[Site "Philadelphia USA"]
[Date "2012.07.06"]
[Round "5"]
[White "Battaglini, Gabriel"]
[Black "Shetty, Atulya"]
[Result "1/2-1/2"]
[WhiteTitle "IM"]
[WhiteElo "2419"]
[BlackElo "2252"]
[WhiteFideId "621650"]
[BlackFideId "2031213"]
[EventDate "2012.07.03"]
[EventType "swiss"]

1. d4 Nf6 2. c4 e6 3. Nc3 Bb4 4. Bg5 h6 5. Bh4 c5 6. d5 Bxc3+ 7. bxc3 e5 8. Qc2
O-O 9. e3 d6 10. Nf3 Bg4 11. Nd2 Nbd7 12. Bd3 Bh5 13. Rb1 b6 14. f3 Qe8 15. O-O
Bg6 16. a4 e4 17. fxe4 Ng4 18. Rfe1 Nge5 19. Be2 a5 20. Rf1 f6 21. Bg3 Rb8 22.
Rb3 Bh5 23. Qd1 Bxe2 24. Qxe2 Qg6 25. Rfb1 Rfe8 26. Rb5 Re7 27. Qf1 Nf7 28. Qe2
Rbe8 29. Qd3 1/2-1/2

[Event "40th Annual World Open"]
[Site "Philadelphia USA"]
[Date "2012.07.07"]
[Round "6"]
[White "Sethuraman, S.P."]
[Black "Gupta, Abhijeet"]
[Result "0-1"]
[WhiteTitle "GM"]
[BlackTitle "GM"]
[WhiteElo "2535"]
[BlackElo "2627"]
[WhiteFideId "5021596"]
[BlackFideId "5010608"]
[EventDate "2012.07.03"]
[EventType "swiss"]

1. e4 e5 2. Nf3 Nc6 3. d4 exd4 4. Nxd4 Nf6 5. Nxc6 bxc6 6. e5 Qe7 7. Qe2 Nd5 8.
c4 Nb6 9. Nc3 Bb7 10. Bd2 O-O-O 11. O-O-O Kb8 12. f4 f6 13. exf6 Qxf6 14. Qf2 d6
15. Bd3 Qf7 16. f5 Be7 17. b3 d5 18. c5 Nd7 19. Be3 Ne5 20. Bd4 Nxd3+ 21. Rxd3
Rhf8 22. Rf3 Bc8 23. Kb2 Bf6 24. g4 h5 25. h3 Rh8 26. Rg1 hxg4 27. hxg4 Bg5 28.
Be5 Rde8 29. Qd4 Re7 30. Rgf1 Ba6 31. R1f2 Rh1 32. Bf4 Bf6 33. Qb4+ Bb7 34. g5
Re4 35. Qa5 Bd4 36. Rd2 Rxf4 37. Rxf4 Be3 38. Ne2 Bxf4 39. Nxf4 Qxf5 40. Qb4 a5
41. Qd4 Qb1+ 42. Ka3 Qc1+ 43. Rb2 Ba6 0-1

[Event "40th Annual World Open"]
[Site "Philadelphia USA"]
[Date "2012.07.07"]
[Round "6"]
[White "Kekelidze, Mikheil"]
[Black "Bosiocic, Marin"]
[Result "0-1"]
[WhiteTitle "GM"]
[BlackTitle "GM"]
[WhiteElo "2494"]
[BlackElo "2570"]
[WhiteFideId "13600818"]
[BlackFideId "14507927"]
[EventDate "2012.07.03"]
[EventType "swiss"]

1. d4 Nf6 2. Nf3 d5 3. c4 e6 4. g3 g6 5. Bg2 Bg7 6. O-O O-O 7. Nc3 Nbd7 8. Qb3
c6 9. Bf4 b6 10. Bd6 Re8 11. Rfd1 Ba6 12. Nd2 Ng4 13. e3 Ndf6 14. Qa3 Nxf2 15.
Kxf2 Ng4+ 16. Kg1 Nxe3 17. Be5 Bxc4 18. Nxc4 Nxc4 19. Qb3 Nxe5 20. dxe5 Bxe5 21.
Rac1 Rc8 22. Ne4 Qe7 23. Nd2 c5 24. Qc2 c4 25. Nf3 Bg7 26. b3 c3 27. Qd3 Rc5 28.
Ne1 a5 29. Nc2 Bh6 30. Rb1 Bd2 31. b4 axb4 32. Rxb4 e5 33. Rdb1 e4 34. Qe2 Qa7
35. a3 Re6 36. Qf2 Ra5 37. Bh3 f5 38. Bf1 Kg7 39. Qd4+ Kh6 40. Be2 Rc5 41. Kg2
Qg7 42. Rxb6 Qxd4 43. Nxd4 Rxb6 44. Rxb6 c2 45. Nxf5+ Kg5 46. Nd4 h5 47. Nxc2
Rxc2 48. Rb5 Kf6 49. Rxd5 Bc1 50. Kf1 Bxa3 51. h4 Rc1+ 52. Kg2 Rc2 53. Kf1 Rc1+
54. Kg2 Bc5 55. g4 hxg4 56. Bxg4 Rg1+ 57. Kh3 Bf2 58. Rd6+ Kf7 59. Be2 Rg3+ 60.
Kh2 Re3 61. Bc4+ Kg7 62. Re6 Bg3+ 63. Kh3 Bf4+ 64. Kg2 Rg3+ 65. Kf1 e3 66. Bd3
Rg4 67. Ke2 Rg3 68. Be4 Bh6 69. Rc6 Rg4 70. Rc7+ Kf8 71. Rc8+ Kf7 72. Rc7+ Kf8
73. Rc8+ Ke7 74. Rc7+ Kd6 75. Rc6+ Ke5 76. Rxg6 Rxh4 77. Bf3 Bf4 78. Rg1 Rh6 79.
Rg8 Rb6 80. Re8+ Kd6 81. Rd8+ Ke7 82. Rd4 Rb2+ 83. Kd3 Bh6 84. Rh4 Rd2+ 85. Kc4
Bg5 86. Re4+ Kf6 87. Bg4 Rd6 88. Rd4 Ra6 89. Kd3 Ra3+ 90. Ke4 e2 91. Rd6+ Ke7
92. Re6+ Kf7 93. Kd5 Ra5+ 94. Kc4 Ra4+ 95. Kd3 Rxg4 96. Rxe2 Kf6 97. Re8 Kf5 98.
Rg8 Ke5 99. Rg7 Rd4+ 100. Kc2 Bf6 101. Rc7 Ke4 102. Rc8 Rb4 103. Kd2 Be5 104.
Rc6 Rb2+ 105. Rc2 Rb1 106. Ra2 Bd4 107. Kc2 Rb4 108. Kd2 Rc4 109. Ra3 Bc5 110.
Rh3 Bb4+ 111. Kd1 Bd6 112. Rb3 Bf4 113. Rb2 Be3 114. Ke2 Ra4 115. Kd1 Ra3 116.
Kc2 Bd4 117. Rb3 Ra2+ 118. Kd1 Be3 119. Rb4+ Kd3 120. Rb3+ Kd4 121. Rb7 Kc3 122.
Ke1 Kd3 123. Rb3+ Ke4 124. Kd1 Kd4 125. Rb4+ Kc3 126. Rb7 Bd4 127. Ke1 Kd3 128.
Rb3+ Ke4 129. Kd1 Be3 130. Rb4+ Kd3 131. Rb3+ Kd4 132. Rb4+ Kc3 133. Rb7 Bf2
134. Rb8 Rd2+ 135. Kc1 Re2 136. Rc8+ Kd3 137. Kb1 Bd4 138. Rd8 Re5 139. Ka2 Kc2
140. Ka3 Bc3 141. Ra8 Re1 0-1

[Event "40th Annual World Open"]
[Site "Philadelphia USA"]
[Date "2012.07.07"]
[Round "6"]
[White "Evdokimov, Alexander A."]
[Black "Shabalov, Alexander"]
[Result "0-1"]
[WhiteTitle "GM"]
[BlackTitle "GM"]
[WhiteElo "2544"]
[BlackElo "2534"]
[WhiteFideId "4139275"]
[BlackFideId "2008572"]
[EventDate "2012.07.03"]
[EventType "swiss"]

1. d4 Nf6 2. c4 g6 3. Nc3 Bg7 4. e4 d6 5. Nf3 O-O 6. Be2 e5 7. O-O exd4 8. Nxd4
Re8 9. f3 c6 10. Kh1 Nbd7 11. Bg5 h6 12. Bh4 a5 13. Nc2 a4 14. Bf2 Ne5 15. Na3
Be6 16. Nxa4 Qa5 17. Nb6 Ra6 18. Qe1 Nh5 19. Qxa5 Rxa5 20. Rfd1 f5 21. Be1 Ra7
22. exf5 Bxf5 23. c5 Nf4 24. Bf1 d5 25. Bg3 Ned3 26. Bxd3 Nxd3 27. Nxd5 Nxb2 28.
Nc7 Rf8 0-1

[Event "40th Annual World Open"]
[Site "Philadelphia USA"]
[Date "2012.07.07"]
[Round "6"]
[White "Deepan, Chakkravarthy J."]
[Black "So, Wesley"]
[Result "0-1"]
[WhiteTitle "GM"]
[BlackTitle "GM"]
[WhiteElo "2468"]
[BlackElo "2650"]
[WhiteFideId "5011132"]
[BlackFideId "5202213"]
[EventDate "2012.07.03"]
[EventType "swiss"]

1. Nf3 Nf6 2. c4 e6 3. Nc3 d5 4. d4 dxc4 5. e3 a6 6. a4 c5 7. Bxc4 Nc6 8. O-O
cxd4 9. exd4 Be7 10. Re1 O-O 11. Bg5 Bd7 12. Qe2 h6 13. Be3 Bb4 14. Ne5 Rc8 15.
Red1 Ne7 16. Qf3 Bc6 17. Nxc6 Rxc6 18. Bd3 Ned5 19. Ne4 Nxe4 20. Bxe4 f5 21.
Bxd5 Qxd5 22. Qxd5 exd5 23. Rac1 Rxc1 24. Bxc1 Rc8 25. g3 Rc2 26. Kg2 g5 27. h4
Be7 28. hxg5 hxg5 29. Rh1 Kg7 30. Rd1 Kg6 31. b3 Rc3 32. Be3 Rxb3 33. Rc1 Bd6
34. Rc8 f4 35. gxf4 gxf4 36. Rd8 Be7 37. Rd7 Bg5 38. Rd6+ Kh5 0-1

[Event "40th Annual World Open"]
[Site "Philadelphia USA"]
[Date "2012.07.07"]
[Round "6"]
[White "Hess, Robert L"]
[Black "Mitkov, Nikola"]
[Result "1/2-1/2"]
[WhiteTitle "GM"]
[BlackTitle "GM"]
[WhiteElo "2639"]
[BlackElo "2527"]
[WhiteFideId "2022036"]
[BlackFideId "15000290"]
[EventDate "2012.07.03"]
[EventType "swiss"]

1. d4 d5 2. c4 e6 3. Nf3 Nf6 4. g3 Bb4+ 5. Bd2 Be7 6. Bg2 c6 7. Qc2 b6 8. O-O
Ba6 9. cxd5 cxd5 10. Nc3 O-O 11. Rac1 Nbd7 12. Bf4 b5 13. a4 b4 14. Nb5 Qa5 15.
Ne5 Nxe5 16. dxe5 Rfc8 17. Qd1 Rxc1 18. Qxc1 Ne8 19. Qc6 Rc8 20. Qd7 Qxa4 21.
Qxe7 Bxb5 22. Bf3 Rc7 23. Qd8 Qa6 24. Bd2 b3 25. Rc1 Qb7 26. Kg2 Rxc1 27. Bxc1
Qc7 28. Qg5 h6 29. Qf4 Qc4 30. Qe3 d4 31. Qf4 Bc6 32. Be3 Bxf3+ 33. exf3 Nc7 34.
Qg4 h5 35. Qh4 Qd5 36. Bxd4 Nb5 37. Be3 a5 38. Qa4 Qxe5 39. Qxb3 Qd5 40. Qa4 Nd6
41. b3 e5 42. Bb6 e4 43. fxe4 Nxe4 44. Qxa5 Qc6 45. Qa4 Qb7 46. Qa7 Qd5 47. Qa5
Qc6 48. Qa4 Qb7 49. f3 Nd2 50. Qe8+ Kh7 51. Qe3 Qd5 52. b4 1/2-1/2

[Event "40th Annual World Open"]
[Site "Philadelphia USA"]
[Date "2012.07.07"]
[Round "6"]
[White "Erenburg, Sergey"]
[Black "Friedel, Joshua E"]
[Result "1-0"]
[WhiteTitle "GM"]
[BlackTitle "GM"]
[WhiteElo "2624"]
[BlackElo "2503"]
[WhiteFideId "2805642"]
[BlackFideId "2017199"]
[EventDate "2012.07.03"]
[EventType "swiss"]

1. e4 e5 2. Nf3 Nc6 3. Bb5 a6 4. Ba4 Nf6 5. O-O Be7 6. d3 b5 7. Bb3 d6 8. a4 b4
9. a5 O-O 10. Nbd2 Nd4 11. Nxd4 exd4 12. f4 Rb8 13. Nf3 c5 14. f5 Rb5 15. Bf4
Rxa5 16. Rxa5 Qxa5 17. e5 dxe5 18. Nxe5 Bb7 19. Qe2 Qd8 20. Bg5 Qc7 21. Bxf6
Bxf6 22. Nxf7 Qb8 23. Qh5 1-0

[Event "40th Annual World Open"]
[Site "Philadelphia USA"]
[Date "2012.07.07"]
[Round "6"]
[White "Kacheishvili, Giorgi"]
[Black "Shyam, Nikil P."]
[Result "1-0"]
[WhiteTitle "GM"]
[BlackTitle "IM"]
[WhiteElo "2605"]
[BlackElo "2502"]
[WhiteFideId "13600613"]
[BlackFideId "5024218"]
[EventDate "2012.07.03"]
[EventType "swiss"]

1. d4 Nf6 2. c4 c5 3. d5 b5 4. cxb5 a6 5. b6 d6 6. Nc3 Nbd7 7. e4 g6 8. Nf3 Bg7
9. a4 a5 10. Bb5 O-O 11. O-O Nxb6 12. Re1 Bb7 13. Bf4 Qc8 14. Qb3 h6 15. h3 g5
16. Bh2 Rd8 17. Rad1 Nfd7 18. e5 c4 19. Qa3 Qc5 20. Qa2 dxe5 21. Nxe5 Nxe5 22.
Bxe5 Bxd5 23. Nxd5 Rxd5 24. Rxd5 Qxd5 25. Bxg7 Kxg7 26. Qa1 Qd6 27. b3+ Qf6 28.
bxc4 Qxa1 29. Rxa1 Rc8 30. Rc1 Rc5 31. Kf1 Kf6 32. Ke2 Nd5 33. Kd3 Nf4+ 34. Kd4
Re5 35. Rc2 Ne2+ 36. Kd3 Nf4+ 37. Kd4 Ne6+ 38. Kc3 Nc5 39. Rb2 Ke6 40. Be8 f6
41. Kd4 Kf5 42. Rb5 Nxa4 43. Bd7+ e6 44. Bc6 g4 45. Be4+ Kg5 46. g3 Rxb5 47. h4+
Kh5 48. cxb5 f5 49. Bc2 Nb6 50. Kc5 1-0

[Event "40th Annual World Open"]
[Site "Philadelphia USA"]
[Date "2012.07.07"]
[Round "6"]
[White "Norowitz, Yaacov"]
[Black "Gelashvili, Tamaz"]
[Result "0-1"]
[BlackTitle "GM"]
[WhiteElo "2388"]
[BlackElo "2604"]
[WhiteFideId "2024799"]
[BlackFideId "13600702"]
[EventDate "2012.07.03"]
[EventType "swiss"]

1. d4 Nf6 2. Nf3 e6 3. Bg5 h6 4. Bh4 d6 5. h3 c5 6. c3 cxd4 7. cxd4 Qb6 8. Qc2
Nc6 9. Bxf6 gxf6 10. e3 Bd7 11. Nc3 d5 12. a3 Rc8 13. Be2 Na5 14. Nd2 Be7 15.
Rc1 O-O 16. O-O Rc7 17. b4 Rfc8 18. bxa5 Qxa5 19. Ndb1 Bxa3 20. Qa2 Bb4 21. Qxa5
Bxa5 22. Na2 Rc2 23. Rxc2 Rxc2 24. Nc1 Rb2 25. Na3 b5 26. Bd3 b4 27. Nb5 Bb6 28.
Re1 Kf8 29. Nd6 a5 30. Bb5 Bxb5 31. Nxb5 Rb1 32. e4 dxe4 33. Nd6 Bxd4 34. Nxe4
a4 35. Nd2 Rb2 36. Rd1 a3 37. Ndb3 Bxf2+ 38. Kf1 Be3 39. Rd8+ Kg7 40. Ra8 0-1